Manual de dibujo de ingeniería para estudiantes y dibujantes.

Bibliographic Details
Main Authors: French, Thomas, Vierck, Charles J
Format: Section = Libro
Language:Undetermined
Spanish
Published: Barcelona Hispano-Americana 1972
Edition:2a.ed.
Subjects:
LEADER 00517nam a2200193Ia 4500
008 240829s9999 xx 000 0 und d
040 |a BIBLIOTECA-RUSB/ 604.2 F874 
041 |a spa 
082 |a 604.2 F874 
100 1 |a French, Thomas  
100 1 |b  Vierck, Charles J 
245 1 0 |a Manual de dibujo de ingeniería para estudiantes y dibujantes. 
250 |a 2a.ed. 
260 |a Barcelona  |b Hispano-Americana  |c 1972 
300 |a 805 p. :il. 
650 7 |a DIBUJO TECNICO 
942 |c BK  |2 ddc 
991 |a TEXTO 
999 |c 2630